[Event "FICGS rapid M 000099 email"]
[Site "FICGS email"]
[Date "2018.11.28"]
[Round "1"]
[White "Pareschi, Remo"]
[Black "Farnik, Kym"]
[Result "0-1"]
[WhiteElo "2102"]
[BlackElo "2130"]
[PlyCount "46"]
[EventDate "2018.??.??"]
[EventType "tourn (rapid)"]
[EventRounds "6"]
[SourceTitle "Corr 2022"]
[Source "ChessBase"]
[SourceDate "2021.10.24"]
[SourceVersion "1"]
[SourceVersionDate "2021.10.24"]
[SourceQuality "1"]

1. d4 Nf6 2. Bg5 d5 3. Bxf6 gxf6 4. Nc3 e6 5. Nf3 f5 6. e3 Nd7 7. h3 Bd6 8. g4 c6 9. Qe2 Nf6 10. 0-0-0 Qe7 11. Kb1 Bb4 12. Nd2 Bxc3 13. bxc3 e5 14. Rg1 e4 15. Ka1 fxg4 16. hxg4 h6 17. Rb1 Rg8 18. Bh3 Be6 19. c4 Rd8 20. c5 b6 21. cxb6 axb6 22. Rxb6 Ra8 23. Rgb1 Qa7 0-1

[Event "FICGS rapid M 000099 email"]
[Site "FICGS email"]
[Date "2018.11.28"]
[Round "1"]
[White "Schroeder, Christoph"]
[Black "Pareschi, Remo"]
[Result "1-0"]
[WhiteElo "2192"]
[BlackElo "2102"]
[PlyCount "39"]
[EventDate "2018.??.??"]
[EventType "tourn (rapid)"]
[EventRounds "6"]
[SourceTitle "Corr 2022"]
[Source "ChessBase"]
[SourceDate "2021.10.24"]
[SourceVersion "1"]
[SourceVersionDate "2021.10.24"]
[SourceQuality "1"]

1. d4 Nf6 2. c4 g6 3. Nc3 Bg7 4. e4 d6 5. Nf3 0-0 6. Be2 e5 7. 0-0 Nc6 8. d5 Ne7 9. b4 Nh5 10. Re1 f5 11. Ng5 h6 12. Ne6 Bxe6 13. dxe6 Nf4 14. Bxf4 exf4 15. Rc1 Bxc3 16. Rxc3 fxe4 17. Bf1 Nc6 18. b5 Ne5 19. Rxe4 b6 20. c5 1-0

[Event "FICGS rapid B 000297 email"]
[Site "FICGS email"]
[Date "2018.09.29"]
[Round "1"]
[White "Gulbis, Harijs"]
[Black "Pareschi, Remo"]
[Result "0-1"]
[WhiteElo "1733"]
[BlackElo "2099"]
[PlyCount "86"]
[EventDate "2018.??.??"]
[EventType "tourn (rapid)"]
[EventRounds "6"]
[SourceTitle "Corr 2022"]
[Source "ChessBase"]
[SourceDate "2021.10.24"]
[SourceVersion "1"]
[SourceVersionDate "2021.10.24"]
[SourceQuality "1"]

1. e4 e5 2. Nf3 Nc6 3. Bc4 Bc5 4. d3 Nf6 5. c3 d6 6. 0-0 Bb6 7. Bg5 h6 8. Bh4 g5 9. Bg3 Bg4 10. Nbd2 h5 11. h4 Nh7 12. Qc2 Qf6 13. Bd5 Ne7 14. Bxb7 Rb8 15. Bd5 Ng6 16. Kh1 gxh4 17. Nxh4 Nxh4 18. f4 exf4 19. Rxf4 Qg5 20. d4 Nxg2 21. Kxg2 h4 22. Rh1 Nf6 23. Nf3 Bxf3+ 24. Rxf3 Ke7 25. Qc1 Qxc1 26. Bxd6+ cxd6 27. Rxc1 Nxd5 28. exd5 Rbg8+ 29. Kh2 Rh5 30. Re1+ Kf8 31. Re4 Rg6 32. Ref4 Rg7 33. Rf6 Rxd5 34. Kh3 Rdg5 35. b4 Bd8 36. Rxd6 Rg3+ 37. Rxg3 Rxg3+ 38. Kh2 Bc7 39. Rd7 Rxc3+ 40. Kg2 h3+ 41. Kg1 Bg3 42. Rd8+ Kg7 43. Kf1 Re3 0-1

[Event "FICGS rapid M 000096 email"]
[Site "FICGS email"]
[Date "2018.08.15"]
[Round "1"]
[White "Farnik, Kym"]
[Black "Pareschi, Remo"]
[Result "1-0"]
[WhiteElo "2127"]
[BlackElo "2107"]
[PlyCount "105"]
[EventDate "2018.??.??"]
[EventType "tourn (rapid)"]
[EventRounds "6"]
[SourceTitle "Corr 2022"]
[Source "ChessBase"]
[SourceDate "2021.10.24"]
[SourceVersion "1"]
[SourceVersionDate "2021.10.24"]
[SourceQuality "1"]

1. c4 b6 2. Nc3 e6 3. e4 Bb7 4. d4 Bb4 5. f3 Qe7 6. Nge2 d5 7. cxd5 exd5 8. a3 Bxc3+ 9. Nxc3 dxe4 10. Bb5+ c6 11. Bc4 exf3+ 12. Kf2 Bc8 13. Re1 Be6 14. Qxf3 Qh4+ 15. Kf1 Nf6 16. Bxe6 fxe6 17. Rxe6+ Kf7 18. Qe2 Rf8 19. Kg1 Kg8 20. Be3 Nbd7 21. Rxc6 Rae8 22. h3 Ne4 23. Qc4+ Kh8 24. Rf1 Rxf1+ 25. Qxf1 Ndf6 26. Qf3 h5 27. Nxe4 Qxe4 28. Qxe4 Rxe4 29. Kf2 Nd5 30. Bg5 Rxd4 31. Rd6 Kh7 32. h4 Rd1 33. Bf4 Kg8 34. Be5 Rd2+ 35. Kf3 Kf7 36. a4 a6 37. a5 bxa5 38. Rxa6 Ne7 39. Rxa5 g6 40. Ra7 Rd1 41. Bc3 Ke8 42. Ra6 Nf5 43. Kf2 Nxh4 44. g3 Nf5 45. Rxg6 h4 46. g4 Ng3 47. Re6+ Kf7 48. Re3 Kg6 49. Kf3 Rf1+ 50. Kg2 Rd1 51. Be1 Kg5 52. Bxg3 hxg3 53. Kxg3 1-0

[Event "FICGS rapid M 000095 email"]
[Site "FICGS email"]
[Date "2018.07.16"]
[Round "1"]
[White "Pareschi, Remo"]
[Black "Sorbi, Luca"]
[Result "1/2-1/2"]
[WhiteElo "2107"]
[BlackElo "2094"]
[PlyCount "98"]
[EventDate "2018.??.??"]
[EventType "tourn (rapid)"]
[EventRounds "6"]
[SourceTitle "Corr 2022"]
[Source "ChessBase"]
[SourceDate "2021.10.24"]
[SourceVersion "1"]
[SourceVersionDate "2021.10.24"]
[SourceQuality "1"]

1. d4 Nf6 2. c4 e6 3. Nc3 Bb4 4. Bg5 h6 5. Bh4 c5 6. d5 d6 7. e3 Bxc3+ 8. bxc3 e5 9. Nf3 Bf5 10. Nd2 g5 11. Bg3 Qe7 12. h4 Rg8 13. hxg5 hxg5 14. f3 Bg6 15. e4 Nh5 16. Bf2 Nd7 17. Qa4 Kf8 18. g3 Kg7 19. Be2 Rh8 20. Qc2 Nhf6 21. 0-0-0 Rxh1 22. Rxh1 Rh8 23. Rxh8 Kxh8 24. Qa4 a6 25. Qb3 Nf8 26. g4 Ne8 27. Qb6 Qc7 28. Qxc7 Nxc7 29. Nf1 f6 30. Kb2 Be8 31. Ne3 Bd7 32. Nf5 Bxf5 33. exf5 Na8 34. Kc2 Nb6 35. Kd3 Kg7 36. Kc2 Nfd7 37. Kd3 Kf7 38. Bg3 Na4 39. Be1 Nab6 40. Bf2 Ke7 41. Be3 Na4 42. Kc2 Kd8 43. Kb3 Nab6 44. Bd2 a5 45. a4 Ke8 46. Be1 Nc8 47. Bd2 Ncb6 48. Be3 Nc8 49. Bd3 Ncb6 1/2-1/2

[Event "FICGS rapid A 000220 email"]
[Site "FICGS email"]
[Date "2018.07.01"]
[Round "1"]
[White "Pareschi, Remo"]
[Black "Farnik, Kym"]
[Result "1/2-1/2"]
[WhiteElo "2107"]
[BlackElo "2127"]
[PlyCount "74"]
[EventDate "2018.??.??"]
[EventType "tourn (rapid)"]
[EventRounds "6"]
[SourceTitle "Corr 2022"]
[Source "ChessBase"]
[SourceDate "2021.10.24"]
[SourceVersion "1"]
[SourceVersionDate "2021.10.24"]
[SourceQuality "1"]

1. d4 Nf6 2. c4 g6 3. Nc3 d5 4. Nf3 Bg7 5. Qb3 dxc4 6. Qxc4 0-0 7. e4 Be6 8. Qd3 c5 9. d5 Bc8 10. h3 e6 11. dxe6 Bxe6 12. Be3 Nfd7 13. Ng5 Nc6 14. Be2 Nd4 15. Nxe6 fxe6 16. 0-0 Qb6 17. f4 Qxb2 18. Bg4 Rae8 19. e5 h5 20. Bf3 Nxf3+ 21. gxf3 Rd8 22. Qc4 Kh8 23. Ne4 Bh6 24. Qb3 Qxb3 25. axb3 Nxe5 26. Nxc5 Rd5 27. Nxe6 Rf6 28. Bxa7 Bxf4 29. Nxf4 Rxf4 30. Kg2 Rb4 31. Rfd1 Nd3 32. Be3 Rxb3 33. Rab1 Rxb1 34. Rxb1 b5 35. f4 Rf5 36. Kf3 Kg7 37. Ke4 Nc5+ 1/2-1/2

[Event "FICGS rapid A 000220 email"]
[Site "FICGS email"]
[Date "2018.07.01"]
[Round "1"]
[White "Pareschi, Remo"]
[Black "Sternik, Ryszard"]
[Result "1/2-1/2"]
[WhiteElo "2107"]
[BlackElo "2018"]
[PlyCount "104"]
[EventDate "2018.??.??"]
[EventType "tourn (rapid)"]
[EventRounds "6"]
[SourceTitle "Corr 2022"]
[Source "ChessBase"]
[SourceDate "2021.10.24"]
[SourceVersion "1"]
[SourceVersionDate "2021.10.24"]
[SourceQuality "1"]

1. d4 Nf6 2. c4 e6 3. Nc3 d5 4. cxd5 exd5 5. Bg5 c6 6. e3 Be7 7. Qc2 0-0 8. Bd3 Nbd7 9. Nf3 h6 10. Bh4 Re8 11. 0-0-0 Ne4 12. Bxe4 Bxh4 13. Bh7+ Kh8 14. Nxh4 Qxh4 15. g3 Qf6 16. Bd3 Nf8 17. h3 b5 18. g4 Bd7 19. Kb1 a5 20. Rhg1 a4 21. a3 Ne6 22. f4 b4 23. axb4 Qe7 24. g5 Qxb4 25. Rdf1 hxg5 26. fxg5 Reb8 27. Rxf7 a3 28. Na2 Qxb2+ 29. Qxb2 Rxb2+ 30. Ka1 Nf8 31. h4 Kg8 32. Re7 Rh2 33. Rf1 Rxh4 34. Nb4 Re8 35. Rxe8 Bxe8 36. Ka2 Rh3 37. Nc2 Rg3 38. Kxa3 Ne6 39. Kb4 Rxg5 40. Kc3 Rg3 41. Kd2 Rg2+ 42. Ke1 c5 43. Bf5 Bf7 44. dxc5 Nxc5 45. Nd4 g6 46. Bc2 Kg7 47. Rf3 Ne6 48. Ne2 Be8 49. Bb3 Rg5 50. Nf4 Bf7 51. Nd3 Rh5 52. Rf1 Nf8 1/2-1/2

[Event "FICGS class A 000188 email"]
[Site "FICGS email"]
[Date "2018.05.18"]
[Round "1"]
[White "Pareschi, Remo"]
[Black "Gounant, Stanislas"]
[Result "1/2-1/2"]
[WhiteElo "2058"]
[BlackElo "2121"]
[PlyCount "48"]
[EventDate "2018.??.??"]
[EventType "tourn (corr)"]
[EventRounds "6"]
[SourceTitle "Corr 2022"]
[Source "ChessBase"]
[SourceDate "2021.10.24"]
[SourceVersion "1"]
[SourceVersionDate "2021.10.24"]
[SourceQuality "1"]

1. d4 f5 2. Bf4 Nf6 3. e3 e6 4. h3 b6 5. g4 Bb7 6. Nf3 Bd6 7. Bxd6 cxd6 8. gxf5 exf5 9. Rg1 Qe7 10. Nc3 Na6 11. d5 Nb4 12. Nd4 f4 13. Qd2 Nbxd5 14. 0-0-0 fxe3 15. fxe3 Nxc3 16. Qxc3 Rc8 17. Qa3 Be4 18. Qxa7 Bxc2 19. Nxc2 Qxe3+ 20. Kb1 Qxg1 21. Re1+ Kd8 22. Ba6 Qc5 23. Bxc8 Qxc8 24. Qxb6+ Qc7 1/2-1/2

[Event "FICGS class A 000187 email"]
[Site "FICGS email"]
[Date "2018.05.02"]
[Round "1"]
[White "Duttagupta, Aniruddha"]
[Black "Pareschi, Remo"]
[Result "1-0"]
[WhiteElo "2101"]
[BlackElo "2058"]
[PlyCount "53"]
[EventDate "2018.??.??"]
[EventType "tourn (corr)"]
[EventRounds "6"]
[SourceTitle "Corr 2022"]
[Source "ChessBase"]
[SourceDate "2021.10.24"]
[SourceVersion "1"]
[SourceVersionDate "2021.10.24"]
[SourceQuality "1"]

1. d4 d5 2. c4 e6 3. Nc3 Be7 4. cxd5 exd5 5. Bf4 Nf6 6. e3 Bf5 7. Qb3 Nc6 8. g4 Nxg4 9. Qxd5 Qxd5 10. Nxd5 Bb4+ 11. Nc3 0-0-0 12. Nge2 Rhe8 13. Bg2 Nf6 14. 0-0 Nh5 15. Bg3 Nxg3 16. hxg3 Kb8 17. a3 Bd6 18. Bd5 Bg6 19. Ba2 a6 20. Kg2 h5 21. Nf4 Bxf4 22. gxf4 Ne7 23. Rad1 h4 24. Rh1 Rh8 25. Kh3 c6 26. Rhg1 Bf5+ 27. Kh2 1-0

[Event "FICGS rapid A 000216 email"]
[Site "FICGS email"]
[Date "2018.05.02"]
[Round "1"]
[White "Sternik, Ryszard"]
[Black "Pareschi, Remo"]
[Result "0-1"]
[WhiteElo "2023"]
[BlackElo "2058"]
[PlyCount "112"]
[EventDate "2018.??.??"]
[EventType "tourn (rapid)"]
[EventRounds "6"]
[SourceTitle "Corr 2022"]
[Source "ChessBase"]
[SourceDate "2021.10.24"]
[SourceVersion "1"]
[SourceVersionDate "2021.10.24"]
[SourceQuality "1"]

1. e4 e5 2. Nf3 Nc6 3. Bb5 a6 4. Ba4 Nf6 5. 0-0 Be7 6. Re1 b5 7. Bb3 0-0 8. c3 d5 9. exd5 Nxd5 10. Nxe5 Nxe5 11. Rxe5 c6 12. d4 Bd6 13. Re1 Qh4 14. g3 Qh3 15. Be3 Bg4 16. Qd3 f5 17. f4 g5 18. Qf1 Qh5 19. Nd2 Rae8 20. Bxd5+ cxd5 21. Qg2 Re4 22. fxg5 Bh3 23. Qf3 Qxf3 24. Nxf3 f4 25. gxf4 Bxf4 26. Bf2 Rf5 27. Nh4 Rxg5+ 28. Kh1 Rg4 29. Rxe4 dxe4 30. Rg1 Bd2 31. Bg3 Kf7 32. Ng2 h5 33. Rf1+ Kg8 34. Rg1 Kh7 35. d5 Rg7 36. Be5 Rg5 37. Bd4 Bg4 38. Nh4 Rg8 39. h3 Bxh3 40. Rxg8 Kxg8 41. Kh2 Bf1 42. Nf5 Bf4+ 43. Kg1 Bh3 44. Ne3 h4 45. b3 Bd7 46. c4 bxc4 47. bxc4 h3 48. c5 Ba4 49. c6 Kf8 50. Kf2 Ke8 51. Bc5 Bb5 52. Ng4 Kd8 53. Be3 Bd6 54. Bg5+ Kc7 55. Nf6 Be5 56. Ng4 h2 0-1

[Event "FICGS rapid A 000215 email"]
[Site "FICGS email"]
[Date "2018.04.24"]
[Round "1"]
[White "Liwat, Lowell"]
[Black "Pareschi, Remo"]
[Result "0-1"]
[WhiteElo "1900"]
[BlackElo "1958"]
[PlyCount "40"]
[EventDate "2018.??.??"]
[EventType "tourn (rapid)"]
[EventRounds "6"]
[SourceTitle "Corr 2022"]
[Source "ChessBase"]
[SourceDate "2021.10.24"]
[SourceVersion "1"]
[SourceVersionDate "2021.10.24"]
[SourceQuality "1"]

1. d4 f5 2. c4 Nf6 3. Nc3 g6 4. b4 e5 5. a3 exd4 6. Qxd4 Bg7 7. Bb2 0-0 8. Qh4 a5 9. b5 d6 10. Nf3 Nbd7 11. Ng5 Nh5 12. f4 Nc5 13. 0-0-0 Qe7 14. Qf2 Nf6 15. h3 h6 16. Nf3 Nfe4 17. Qe1 Nxc3 18. Bxc3 Qe3+ 19. Kc2 Qe4+ 20. Rd3 Qxc4 0-1

[Event "FICGS rapid A 000214 email"]
[Site "FICGS email"]
[Date "2018.04.04"]
[Round "1"]
[White "Pareschi, Remo"]
[Black "Kerr, Graham"]
[Result "1/2-1/2"]
[WhiteElo "1958"]
[BlackElo "2000"]
[PlyCount "73"]
[EventDate "2018.??.??"]
[EventType "tourn (rapid)"]
[EventRounds "6"]
[SourceTitle "Corr 2022"]
[Source "ChessBase"]
[SourceDate "2021.10.24"]
[SourceVersion "1"]
[SourceVersionDate "2021.10.24"]
[SourceQuality "1"]

1. d4 Nf6 2. c4 e6 3. Nc3 d5 4. cxd5 exd5 5. Bg5 Be7 6. e3 0-0 7. Bd3 c6 8. Nge2 Nbd7 9. Qc2 Re8 10. 0-0 g6 11. f3 b5 12. Rae1 Bb7 13. Nf4 Bf8 14. h4 h6 15. Bxg6 hxg5 16. Bxf7+ Kxf7 17. Qg6+ Ke7 18. hxg5 Kd6 19. Nh5 Be7 20. gxf6 Nxf6 21. Ng7 Rg8 22. Qg3+ Kd7 23. Qh3+ Kd6 24. Nxb5+ cxb5 25. Qe6+ Kc7 26. Rc1+ Kb8 27. Nf5 Re8 28. Qe5+ Bd6 29. Qxd6+ Qxd6 30. Nxd6 Rxe3 31. Nxb5 Ba6 32. Nc7 Bxf1 33. Kxf1 Re7 34. Nxa8 Kxa8 35. g4 Kb7 36. Rc5 Rd7 37. Ke2 1/2-1/2

[Event "FICGS W-ch st1 g04 email"]
[Site "FICGS email"]
[Date "2018.03.02"]
[Round "1"]
[White "Pareschi, Remo"]
[Black "Mitrea, Sorin Ioachim"]
[Result "1/2-1/2"]
[WhiteElo "1958"]
[BlackElo "2069"]
[PlyCount "71"]
[EventDate "2018.??.??"]
[EventType "tourn (corr)"]
[EventRounds "8"]
[SourceTitle "Corr 2022"]
[Source "ChessBase"]
[SourceDate "2021.10.24"]
[SourceVersion "1"]
[SourceVersionDate "2021.10.24"]
[SourceQuality "1"]

1. d4 Nf6 2. c4 g6 3. Nc3 Bg7 4. e4 d6 5. Nf3 0-0 6. Be2 e5 7. d5 a5 8. Bg5 h6 9. Be3 Ng4 10. Bd2 f5 11. h3 Nf6 12. exf5 gxf5 13. g4 fxg4 14. hxg4 Nxg4 15. Ne4 Na6 16. Nh4 Nc5 17. Bxg4 Nxe4 18. Be3 Qf6 19. Bxc8 Raxc8 20. Qc2 Ng5 21. 0-0-0 e4 22. Ng2 Qe5 23. Rh4 Qf5 24. Kb1 c6 25. Rf4 Qh3 26. Rxf8+ Rxf8 27. Nf4 Qg4 28. Ne2 Nf3 29. c5 dxc5 30. dxc6 bxc6 31. Qxc5 Rb8 32. Nc3 h5 33. Qxc6 h4 34. Rd7 Rf8 35. Qd6 Ne5 36. Qd5+ 1/2-1/2

[Event "FICGS W-ch st1 g04 email"]
[Site "FICGS email"]
[Date "2018.03.02"]
[Round "1"]
[White "Pareschi, Remo"]
[Black "Stephen, Zack"]
[Result "1/2-1/2"]
[WhiteElo "1958"]
[BlackElo "1621"]
[PlyCount "50"]
[EventDate "2018.??.??"]
[EventType "tourn (corr)"]
[EventRounds "8"]
[SourceTitle "Corr 2022"]
[Source "ChessBase"]
[SourceDate "2021.10.24"]
[SourceVersion "1"]
[SourceVersionDate "2021.10.24"]
[SourceQuality "1"]

1. d4 d5 2. c4 c6 3. Nf3 Nf6 4. Nc3 e6 5. Bg5 h6 6. Bh4 dxc4 7. e4 g5 8. Bg3 b5 9. Ne5 Bb7 10. h4 g4 11. Nxg4 Nxg4 12. Qxg4 Qxd4 13. Qf4 Bb4 14. Rd1 Bxc3+ 15. Ke2 Qf6 16. Qc7 Bxb2 17. Qxb7 0-0 18. Bd6 c3 19. Bxf8 c2 20. Re1 c1Q 21. Rxc1 Bxc1 22. g3 Qd4 23. Kf3 Nd7 24. Qxa8 Ne5+ 25. Kg2 Qxe4+ 1/2-1/2

[Event "FICGS W-ch st1 g04 email"]
[Site "FICGS email"]
[Date "2018.03.02"]
[Round "1"]
[White "Sinsuat, Datuali"]
[Black "Pareschi, Remo"]
[Result "1/2-1/2"]
[WhiteElo "1986"]
[BlackElo "1958"]
[PlyCount "78"]
[EventDate "2018.??.??"]
[EventType "tourn (corr)"]
[EventRounds "8"]
[SourceTitle "Corr 2022"]
[Source "ChessBase"]
[SourceDate "2021.10.24"]
[SourceVersion "1"]
[SourceVersionDate "2021.10.24"]
[SourceQuality "1"]

1. e4 e5 2. Nf3 Nc6 3. Bb5 Nf6 4. d3 Bc5 5. Bxc6 dxc6 6. 0-0 Ng4 7. h3 h5 8. Nc3 Be6 9. Ne2 Qe7 10. Bd2 f6 11. b4 Bb6 12. a4 g5 13. a5 Bxf2+ 14. Rxf2 Nxf2 15. Kxf2 0-0-0 16. h4 Rdf8 17. Be3 Qxb4 18. Bxa7 gxh4 19. d4 Rf7 20. Bc5 Qb2 21. Rb1 Qa2 22. Ra1 Qb2 23. Nxh4 Kb8 24. Rb1 Qa2 25. Qe1 Qxc2 26. Qb4 Bc8 27. a6 b6 28. Bxb6 Bxa6 29. Bc5+ Kc8 30. Rb2 Qxe4 31. Nf3 Re8 32. Qb8+ Kd7 33. Qa7 Bc4 34. Rd2 Rg7 35. dxe5+ Bd5 36. Rxd5+ Qxd5 37. Bd6 fxe5 38. Qxc7+ Ke6 39. Qxg7 Kxd6 1/2-1/2

[Event "FICGS W-ch st1 g04 email"]
[Site "FICGS email"]
[Date "2018.03.02"]
[Round "1"]
[White "Vollmer, Steve"]
[Black "Pareschi, Remo"]
[Result "0-1"]
[WhiteElo "1555"]
[BlackElo "1958"]
[PlyCount "54"]
[EventDate "2018.??.??"]
[EventType "tourn (corr)"]
[EventRounds "8"]
[SourceTitle "Corr 2022"]
[Source "ChessBase"]
[SourceDate "2021.10.24"]
[SourceVersion "1"]
[SourceVersionDate "2021.10.24"]
[SourceQuality "1"]

1. d4 g6 2. Nf3 Bg7 3. g3 d6 4. Bg2 c5 5. dxc5 Qa5+ 6. Bd2 Qxc5 7. Nc3 Bd7 8. 0-0 Nf6 9. e4 0-0 10. b4 Qh5 11. Rb1 Bg4 12. b5 Nbd7 13. Rb3 Rfc8 14. Re1 Rc4 15. Nd5 Nxd5 16. exd5 Bf6 17. h3 Bxh3 18. Bxh3 Qxh3 19. Ng5 Qf5 20. Qf3 Qxc2 21. Rxe7 Qxd2 22. Rbe3 Rf8 23. Rxd7 Rc1+ 24. Kg2 Bxg5 25. Re8 Bf6 26. Rxf8+ Kxf8 27. Rxd6 Qh6 0-1

[Event "FICGS rapid A 000205 email"]
[Site "FICGS email"]
[Date "2017.11.30"]
[Round "1"]
[White "Pareschi, Remo"]
[Black "Tanriover, Taner"]
[Result "1-0"]
[WhiteElo "1979"]
[BlackElo "2000"]
[PlyCount "93"]
[EventDate "2017.??.??"]
[EventType "tourn (rapid)"]
[EventRounds "6"]
[SourceTitle "Corr 2022"]
[Source "ChessBase"]
[SourceDate "2021.10.24"]
[SourceVersion "1"]
[SourceVersionDate "2021.10.24"]
[SourceQuality "1"]

1. d4 f5 2. g3 Nf6 3. Bg2 e6 4. Nh3 d5 5. Nf4 c5 6. e3 Nc6 7. 0-0 Be7 8. c4 dxc4 9. Nc3 0-0 10. Qe2 Na5 11. Rd1 Qe8 12. Bd2 g5 13. Nh3 cxd4 14. exd4 h6 15. f4 g4 16. Nf2 Bd8 17. Re1 Qd7 18. Rad1 Re8 19. Nb1 Bb6 20. Bc3 Nd5 21. Na3 Rd8 22. Nxc4 Nxc4 23. Qxc4 h5 24. Nd3 h4 25. gxh4 Qf7 26. Kh1 Qh5 27. Re5 Nxc3 28. bxc3 Kg7 29. Nc5 Bxc5 30. Rxc5 Qxh4 31. Rc7+ Kg6 32. h3 Rh8 33. Qe2 Rb8 34. Rd3 b6 35. Qe5 Qf6 36. Rxa7 Qxe5 37. dxe5 b5 38. Kg1 Rh7 39. Rxh7 Kxh7 40. hxg4 b4 41. gxf5 exf5 42. c4 Be6 43. Bd5 Bd7 44. Kf2 Rb6 45. Ke3 Kg7 46. Rb3 Kf8 47. c5 1-0